[Event "Mitropa Cup Women 2019"]
[Site "Radenci"]
[Date "2019.06.04"]
[Round "9.10"]
[White "Ferkova, Dominika"]
[Black "De Seroux, Camille"]
[Result "0-1"]
[WhiteElo "2037"]
[BlackElo "2143"]
[Annotator "TA"]
[PlyCount "36"]
[EventDate "2019.05.27"]
[EventType "team-tourn"]
[EventCountry "SLO"]
[SourceTitle "playchess.com"]
[Source "ChessBase"]
[SourceQuality "1"]
[WhiteTeam "Slovakia"]
[BlackTeam "Switzerland"]
[WhiteTeamCountry "SVK"]
[BlackTeamCountry "SUI"]

{[%evp 9,36,35,43,42,54,47,46,40,46,42,37,34,50,51,52,0,0,-316,-327,-676,-669,-785,-771,-1043,-1042,-1020,-999,-29988,-2213]} 1. d4 Nf6 2. c4 c5 3. d5 b5 4. cxb5 a6 5. bxa6 g6 6. Nc3 {A58: Benko/Volga Gambit: Lines with 5 bxa6} Bg7 7. e4 {Strongly threatening e5.} O-O 8. Nf3 {White is slightly better.} (8. e5 Ne8 9. h4 Bxe5 10. Bh6 Bxa6 11. h5 Ng7 12. Nf3 Bxc3+ 13. bxc3 Bxf1 14. Kxf1 {1-0 (22) So,W (2780)-Duda,J (2737) chess.com INT 2018}) 8... Qa5 {Threatening ...Nxe4.} 9. Bd2 {aiming for e5.} Bxa6 10. Be2 Qb4 11. Bxa6 Nxa6 12. Qc2 (12. Qe2 $1 $14) 12... Qc4 $11 {Hoping for ...Nb4.} 13. Bf4 $146 {[%mdl 8192]} (13. Qb3 $11 Qd3 14. Ne5) ({Predecessor:} 13. Qb3 Qxb3 14. axb3 {0-1 (45) Starcevic,A (2199)-Gschnitzer,A (2380) Budapest 2019}) 13... Nh5 14. Bg5 $2 (14. Nd2 Bxc3 15. Qxc3 Qxc3 16. bxc3 Nxf4 17. g3) 14... Nb4 $19 {[%mdl 64] [#] Double Attack} 15. Qd2 Nd3+ 16. Kd1 Rfb8 17. Rb1 Bxc3 {[%mdl 64] Pin} 18. Qc2 Nxb2+ {Accuracy: White = 38%, Black = 97%.} (18... Rxb2 $142 19. Rxb2 Nxb2+ 20. Kc1 Nd3+ 21. Kd1 Rxa2 22. Nd2 Nxf2+ {[%mdl 64] Double Attack} 23. Ke1 Rxc2 24. Kxf2 Bxd2 25. Kf3 Bxg5 26. Re1 Qd3+ 27. Re3 Qxe3+ 28. Kg4 Rxg2#) 0-1

[Event "Mitropa Cup Women 2019"]
[Site "Radenci"]
[Date "2019.06.04"]
[Round "9.11"]
[White "Hund, Sarah"]
[Black "Sankova, Stella"]
[Result "0-1"]
[WhiteElo "2016"]
[BlackElo "2013"]
[Annotator "NA RC"]
[PlyCount "70"]
[EventDate "2019.05.27"]
[EventType "team-tourn"]
[EventCountry "SLO"]
[SourceTitle "playchess.com"]
[Source "ChessBase"]
[SourceQuality "1"]
[WhiteTeam "Switzerland"]
[BlackTeam "Slovakia"]
[WhiteTeamCountry "SUI"]
[BlackTeamCountry "SVK"]
[TimeControl "40/5400+30:1800+30"]

1. e4 {[%emt 0:00:00]} c5 {[%emt 0:00:00]} 2. Nc3 {[%emt 0:00:08]} g6 {[%emt 0:00:00]} 3. Bc4 {[%emt 0:00:31]} Nc6 {[%emt 0:00:18]} 4. d3 {[%emt 0:00:58]} Bg7 {[%emt 0:00:20]} 5. a3 {[%emt 0:00:51]} a6 {[%emt 0:07:44]} (5... d6 6. h4 Nf6 7. Nge2 h5 8. Bg5 Nd4 9. Nxd4 cxd4 10. Nd5 Nxd5 11. Bxd5 {1-0 (62) Carlsen,M (2832)-Guseinov,G (2645) chess.com INT 2017}) 6. Be3 {[%emt 0:02:57] B23: Closed Sicilian: Lines without g3} d6 {[%emt 0:01:48]} 7. Nf3 {[%emt 0:02:52]} Nf6 {[%emt 0:01:56]} 8. h3 $146 {[%emt 0:02:41]} ({Predecessor:} 8. O-O O-O 9. Qd2 Ng4 10. h3 Nxe3 11. Qxe3 Nd4 12. Nxd4 cxd4 13. Qe2 dxc3 14. b3 {0-1 (32) Gyongyosi,P (993)-Kratky,J (1164) LSS email 2012}) 8... b5 {[%emt 0:01:50]} 9. Ba2 {[%emt 0:02:18]} O-O {[%emt 0:03:43]} 10. O-O {[%emt 0:02:04]} Ne8 {[%emt 0:03:39]} 11. Qd2 {[%emt 0:03:39]} Nc7 {[%emt 0:02:58]} 12. Rab1 {[%emt 0:09:20]} a5 {[%emt 0:03:20]} 13. Ng5 {[%emt 0:09:39]} b4 {[%emt 0:17:13]} 14. Nd5 {[%emt 0:05:12]} Nb5 {[%emt 0:01:47]} 15. Bc4 {[%emt 0:04:03]} Rb8 {[%emt 0:02:57]} 16. a4 {[%emt 0:03:31]} Nbd4 {[%emt 0:04:15]} 17. c3 {[%emt 0:02:35]} e6 {[%emt 0:00:34]} 18. cxd4 {[%emt 0:09:17]} exd5 {[%emt 0:01:06]} 19. Bxd5 {[%emt 0:00:28]} Nxd4 $11 {[%emt 0:00:19]} 20. Bxd4 {[%emt 0:05:27]} Bxd4 {[%emt 0:00:46]} 21. Nf3 {[%emt 0:00:27]} Qf6 {[%emt 0:03:51]} 22. Nh2 {[%emt 0:02:22]} Bd7 {[%emt 0:11:18]} 23. Ng4 {[%emt 0:03:13]} Bxg4 {[%emt 0:00:45]} 24. hxg4 {[%emt 0:00:07]} Qh4 {[%emt 0:01:35]} 25. Qe2 {[%emt 0:01:51]} Kg7 {[%emt 0:03:15]} 26. Qf3 {[%emt 0:04:43]} Rbe8 {[%emt 0:02:42]} 27. g3 {[%emt 0:02:09]} Qh3 {[%emt 0:02:25]} 28. b3 {[%emt 0:02:41]} f6 {[%emt 0:04:43]} 29. Rbe1 {[%emt 0:02:26]} Re5 {[%emt 0:02:24]} 30. Re2 {[%emt 0:08:41]} h5 {[%emt 0:04:31]} 31. Qg2 {[%emt 0:02:57]} Qxg4 {[%emt 0:00:46]} 32. Rfe1 {[%emt 0:00:50]} Rh8 {[%emt 0:04:46]} 33. Kf1 {[%emt 0:01:55]} h4 {[%emt 0:01:15]} 34. gxh4 {[%emt 0:00:59]} Qxh4 {[%emt 0:00:33]} 35. f4 {[%emt 0:02:09]} Qxf4+ {[%emt 0:00:24]} 0-1

[Event "Mitropa Cup Women 2019"]
[Site "Radenci"]
[Date "2019.06.04"]
[Round "9.12"]
[White "Milcova, Zuzana"]
[Black "Pellicoro, Nathalie"]
[Result "0-1"]
[WhiteElo "2093"]
[BlackElo "1893"]
[Annotator "NA RC"]
[PlyCount "96"]
[EventDate "2019.05.27"]
[EventType "team-tourn"]
[EventCountry "SLO"]
[SourceTitle "playchess.com"]
[Source "ChessBase"]
[SourceQuality "1"]
[WhiteTeam "Slovakia"]
[BlackTeam "Switzerland"]
[WhiteTeamCountry "SVK"]
[BlackTeamCountry "SUI"]
[TimeControl "40/5400+30:1800+30"]

1. e4 {[%emt 0:00:00]} c5 {[%emt 0:00:00]} 2. c3 {[%emt 0:00:00]} d5 {[%emt 0:00:00]} 3. exd5 {[%emt 0:00:00]} Qxd5 {[%emt 0:00:42]} 4. d4 {[%emt 0:00:00]} Nf6 {[%emt 0:01:26]} 5. Nf3 {[%emt 0:00:00]} e6 {[%emt 0:01:08]} 6. Be3 {[%emt 0:01:56]} Nc6 {[%emt 0:06:04]} 7. Be2 {[%emt 0:02:01] B22: Sicilian: 2 c3} Ng4 {[%emt 0:03:15]} (7... cxd4 8. cxd4 Bb4+ 9. Nc3 O-O 10. O-O Qa5 11. Qb3 b6 12. Rfd1 Bxc3 13. bxc3 Ba6 14. c4 Qb4 {1-0 (48) Vachier Lagrave,M (2762)-Polgar,J (2685) Dubai 2014}) 8. Bf4 {[%emt 0:08:06]} cxd4 {[%emt 0:04:14]} 9. cxd4 {[%emt 0:01:19]} Bb4+ {[%emt 0:09:44]} 10. Bd2 $146 {[%emt 0:26:44]} ({Predecessor:} 10. Nc3 Qa5 11. Qb3 O-O 12. h3 Nf6 13. O-O Rd8 14. Nb5 Nd5 {0-1 (30) Groz,J (2050)-Chomier,F (2020) Aurec 2002}) 10... Bxd2+ {[%emt 0:02:11]} 11. Qxd2 {[%emt 0:00:25]} Nf6 {[%emt 0:02:01]} 12. Nc3 {[%emt 0:01:24]} Qd8 {[%emt 0:02:13]} 13. O-O {[%emt 0:01:55]} O-O {[%emt 0:00:25]} 14. Rad1 {[%emt 0:03:25]} Ne7 {[%emt 0:03:19]} 15. Bd3 {[%emt 0:03:35]} Ned5 {[%emt 0:02:03]} 16. Rfe1 $1 {[%emt 0:01:45]} b6 {[%emt 0:01:53]} 17. Ne5 {[%emt 0:11:28]} Bb7 {[%emt 0:02:21]} 18. Bb1 {[%emt 0:07:54]} Rc8 {[%emt 0:03:30]} 19. Ne2 {[%emt 0:05:29]} Qd6 {[%emt 0:03:15]} 20. a3 {[%emt 0:01:08]} Rfd8 {[%emt 0:03:15]} 21. Qg5 {[%emt 0:05:17]} Ne7 {[%emt 0:11:06]} 22. Ng3 {[%emt 0:04:50]} Ng6 {[%emt 0:05:27]} 23. Nh5 {[%emt 0:05:21]} Nxh5 {[%emt 0:05:52]} 24. Qxh5 {[%emt 0:00:10]} Bxg2 {[%emt 0:01:42]} 25. Re3 {[%emt 0:05:05]} Bb7 {[%emt 0:06:39]} 26. Bxg6 {[%emt 0:03:00]} hxg6 {[%emt 0:00:50]} 27. Qe2 {[%emt 0:00:37] [#]} Qd5 $1 {[%emt 0:00:50]} 28. f3 $19 {[%emt 0:00:17]} (28. Qf3 {only move.} f6 29. Qxd5 Rxd5 30. Nf3) 28... Rc7 {[%emt 0:01:19]} 29. Kf2 {[%emt 0:00:36]} Rdc8 {[%emt 0:00:19]} 30. Rd2 {[%emt 0:00:20]} b5 {[%emt 0:02:46]} 31. Re4 {[%emt 0:00:41]} a5 {[%emt 0:02:52]} 32. Kg3 {[%emt 0:00:29]} Qd6 {[%emt 0:00:56]} 33. Rf4 {[%emt 0:00:36]} g5 {[%emt 0:00:18]} 34. Rg4 {[%emt 0:00:28]} f6 {[%emt 0:00:07]} 35. Qxb5 {[%emt 0:00:38]} fxe5 {[%emt 0:00:18]} 36. Rxg5 {[%emt 0:00:10]} exd4+ {[%emt 0:00:38]} 37. f4 {[%emt 0:00:15]} Rf8 {[%emt 0:00:45]} 38. Rg4 {[%emt 0:00:22]} Bc8 {[%emt 0:03:51]} 39. Rf2 {[%emt 0:00:54]} d3 {[%emt 0:00:52]} 40. Qh5 {[%emt 0:00:00]} e5 {[%emt 0:00:00]} 41. fxe5 {[%emt 0:12:13]} Qc5 {[%emt 0:03:46]} 42. Rxf8+ {[%emt 0:06:44]} Qxf8 {[%emt 0:02:24]} 43. Rh4 {[%emt 0:10:55]} Bf5 {[%emt 0:02:55]} 44. Qh8+ {[%emt 0:02:28]} Kf7 {[%emt 0:00:02]} 45. Qh5+ {[%emt 0:00:44]} g6 {[%emt 0:00:58]} 46. Qg5 {[%emt 0:00:33]} Ke6 {[%emt 0:02:06]} 47. Qe3 {[%emt 0:00:28]} Qc5 {[%emt 0:01:21]} 48. Rd4 {[%emt 0:00:04]} Qxe5+ {[%emt 0:00:24]} 0-1

[Event "Mitropa Cup Women 2019"]
[Site "Radenci"]
[Date "2019.06.04"]
[Round "9.13"]
[White "Gueci, Tea"]
[Black "Havanecz, Bianka"]
[Result "1-0"]
[WhiteElo "2251"]
[BlackElo "2279"]
[Annotator "TA"]
[PlyCount "133"]
[EventDate "2019.05.27"]
[EventType "team-tourn"]
[EventCountry "SLO"]
[SourceTitle "playchess.com"]
[Source "ChessBase"]
[SourceQuality "1"]
[WhiteTeam "Italy"]
[BlackTeam "Hungary"]
[WhiteTeamCountry "ITA"]
[BlackTeamCountry "HUN"]

{[%evp 15,133,-14,-15,-17,-24,-17,-17,-17,-12,-17,-17,-12,-12,-8,10,0,0,0,0,0,0,0,0,-25,0,-28,-20,-57,-53,-188,-183,-164,-50,-45,-39,-39,-51,-51,-43,-61,-40,-37,0,-44,0,0,0,0,-2,-3,0,0,0,0,52,0,0,0,35,0,0,0,0,0,0,0,0,0,0,0,0,0,69,66,70,58,74,46,49,34,717,664,1470,1529,1472,861,1069,679,5816,5612,29980,4614,29974,12847,29985,29986,29986,29987,29986,29986,29986,29987,29987,29988,29988,29987,29990,29991,29991,29992,29992,29993,29993,29992,29992,29993,29993,29994,29994,29995]} 1. e4 e5 2. Nf3 Nc6 3. Bb5 a6 4. Ba4 Nf6 5. O-O Be7 6. d3 d6 7. a3 O-O 8. Nc3 Bg4 9. Be3 {[#] C77: Ruy Lopez: 3...a6 4 Ba4 Nf6, unusual lines} Nd4 $1 {[%mdl 512]} 10. Bxd4 exd4 11. Nd5 {The position is equal.} Nxd5 12. exd5 b5 $146 ({Predecessor:} 12... Bf6 13. Re1 Rc8 14. h3 Bh5 15. Qe2 c5 16. dxc6 bxc6 {0-1 (49) Lopez Idarraga,D (2045)-Granda Zuniga,J (2650) Panama City 2017}) 13. Bb3 Bf6 14. h3 Bh5 15. a4 Qd7 16. Re1 Rae8 $36 {[%mdl 2048] Black has good play.} 17. Re4 Bd8 18. axb5 axb5 19. Ra7 Kh8 20. Qe2 f5 21. Re6 Bf6 22. g4 (22. Rxe8 $15 Rxe8 23. Ne5 dxe5 24. Qxh5) 22... fxg4 $19 23. Nd2 Ra8 ({Better is} 23... Bh4 $19 24. Ne4 Rf4 25. Rxe8+ Qxe8) 24. Rxa8 $15 Rxa8 25. hxg4 Bf7 26. Re4 {[#]} h5 $1 {[%mdl 512]} 27. Kg2 (27. gxh5 Qh3) 27... Bg6 28. Re6 {g5! is the strong threat.} Bf7 29. Re4 g6 30. Nf3 Re8 31. g5 Bg7 32. Nh4 $1 Kg8 33. f4 Qc8 34. Qf3 Qd8 (34... Qa8 $11) 35. Qh3 (35. Re6 $1 $14) 35... Rf8 36. Nf3 Qa8 37. f5 (37. Qd7 {keeps more tension.} Qc8 38. Qxc8 Rxc8 39. Nxd4 Bxd4 40. Rxd4 Be8 41. Rb4) 37... gxf5 38. Qxf5 Qc8 39. Qxc8 Rxc8 40. Nxd4 Bxd4 41. Rxd4 $11 {[%mdl 4096] Endgame KRB-KRB} Kg7 42. Kg3 Bg6 43. Rb4 Be8 (43... Re8 $11) 44. c4 bxc4 45. dxc4 Bg6 46. Rb7 {Strongly threatening Bd1.} Bd3 47. Kh4 {Hoping for c5.} Be2 $2 {[%mdl 8192] [#]} (47... Rf8 $14) 48. c5 $1 $18 {[%mdl 512]} Ba6 (48... dxc5 49. d6) 49. Ra7 Rb8 50. Rxc7+ Kf8 51. Bd1 Rxb2 52. cxd6 Rh2+ 53. Kg3 Rd2 54. Bf3 Rd4 55. g6 {White mates.} h4+ 56. Kf2 Bb5 57. g7+ Kg8 58. d7 Bxd7 59. Rxd7 {KRB-KR} h3 60. Ke3 Ra4 61. d6 Ra5 62. Re7 h2 63. d7 Ra3+ 64. Ke2 Ra2+ 65. Kd3 Ra3+ 66. Kc4 Ra4+ 67. Kc5 {Accuracy: White = 65%, Black = 51%.} 1-0

[Event "Mitropa Cup Women 2019"]
[Site "Radenci"]
[Date "2019.06.04"]
[Round "9.14"]
[White "Juhasz, Barbara"]
[Black "Santeramo, Alessia"]
[Result "1-0"]
[WhiteElo "2207"]
[BlackElo "2074"]
[Annotator "RC"]
[PlyCount "65"]
[EventDate "2019.05.27"]
[EventType "team-tourn"]
[EventCountry "SLO"]
[SourceTitle "playchess.com"]
[Source "ChessBase"]
[SourceQuality "1"]
[WhiteTeam "Hungary"]
[BlackTeam "Italy"]
[WhiteTeamCountry "HUN"]
[BlackTeamCountry "ITA"]
[TimeControl "40/5400+30:1800+30"]

1. e4 {[%emt 0:00:00]} e5 {[%emt 0:00:00]} 2. Nf3 {[%emt 0:00:00]} Nc6 {[%emt 0:00:00]} 3. Bb5 {[%emt 0:00:00]} a6 {[%emt 0:00:00]} 4. Ba4 {[%emt 0:00:03]} Nf6 {[%emt 0:00:08]} 5. O-O {[%emt 0:00:19]} Be7 {[%emt 0:00:15]} 6. Re1 {[%emt 0:00:50]} b5 {[%emt 0:00:14]} 7. Bb3 {[%emt 0:00:06]} O-O {[%emt 0:00:15]} 8. c3 {[%emt 0:00:12]} d5 {[%emt 0:00:41]} 9. d4 {[%emt 0:00:05]} Nxe4 {[%emt 0:03:25]} 10. dxe5 {[%emt 0:00:25]} Bc5 {[%emt 0:01:50]} 11. Qxd5 {[%emt 0:16:28]} Bxf2+ {[%emt 0:03:17]} 12. Kf1 {[%emt 0:01:28]} Bxe1 {[%emt 0:01:02]} 13. Qxe4 {[%emt 0:00:10]} Be6 {[%emt 0:05:51]} 14. Bc2 {[%emt 0:06:59]} g6 {[%emt 0:04:40]} 15. Qxe1 {[%emt 0:03:38]} f6 {[%emt 0:11:24]} 16. Bh6 {[%emt 0:03:12]} Re8 {[%emt 0:02:15]} 17. Nbd2 {[%emt 0:00:05]} Bc4+ {[%emt 0:18:45]} 18. Nxc4 {[%emt 0:05:49]} bxc4 {[%emt 0:00:05]} 19. Rd1 {[%emt 0:06:24]} Qc8 {[%emt 0:14:12]} 20. Be4 {[%emt 0:18:08]} Nxe5 {[%emt 0:01:21]} 21. Bxa8 {[%emt 0:10:35]} Nxf3 {[%emt 0:03:11]} 22. Bd5+ {[%emt 0:00:04]} Kh8 {[%emt 0:00:37]} 23. Qg3 {[%emt 0:00:29]} Ne5 {[%emt 0:00:27]} 24. Qf4 {[%emt 0:04:46]} Ng4 {[%emt 0:05:09]} 25. Bf3 {[%emt 0:00:39]} Ne3+ {[%emt 0:05:29]} 26. Kg1 {[%emt 0:00:43]} Nf5 {[%emt 0:00:15]} 27. g4 {[%emt 0:00:39]} c5 {[%emt 0:11:41]} 28. gxf5 {[%emt 0:00:09]} g5 {[%emt 0:00:05]} 29. Qd6 {[%emt 0:06:06]} Qxf5 {[%emt 0:00:34]} 30. Qd7 {[%emt 0:03:35]} Re1+ {[%emt 0:06:53]} 31. Kf2 {[%emt 0:00:11]} Re2+ {[%emt 0:00:28]} 32. Kxe2 {[%emt 0:00:09]} Qe5+ {[%emt 0:00:01]} 33. Kf1 {[%emt 0:00:16]} 1-0

[Event "Mitropa Cup Women 2019"]
[Site "Radenci"]
[Date "2019.06.04"]
[Round "9.15"]
[White "Palma, Maria"]
[Black "Varga, Klara"]
[Result "1/2-1/2"]
[WhiteElo "2018"]
[BlackElo "2146"]
[Annotator "TA"]
[PlyCount "106"]
[EventDate "2019.05.27"]
[EventType "team-tourn"]
[EventCountry "SLO"]
[SourceTitle "playchess.com"]
[Source "ChessBase"]
[SourceQuality "1"]
[WhiteTeam "Italy"]
[BlackTeam "Hungary"]
[WhiteTeamCountry "ITA"]
[BlackTeamCountry "HUN"]

{[%evp 9,106,20,20,15,31,36,33,15,33,31,32,22,33,31,31,0,-13,-30,9,0,0,0,20,-6,0,-37,-27,-42,-55,-99,-44,-61,-62,-67,-66,-68,-63,-61,-64,-65,-43,-52,-43,-161,-138,-148,-59,-255,-107,-533,-558,-497,-120,-131,-129,-136,-79,-79,-56,-79,-64,-69,-74,-62,-9,-9,-8,-20,-10,-11,-7,-7,-7,-7,-8,-8,-7,-8,0,-8,-8,-8,-8,-8,-8,-8,-8,-8,-8,-8,0,-8,8,8,8,8,8,8,8]} 1. d4 Nf6 2. c4 e6 3. Nf3 d5 4. Nc3 a6 5. cxd5 exd5 6. Bg5 {D37: Queen's Gambit Declined: 5 Bf4} Be6 7. e3 Nbd7 8. Rc1 {White is slightly better.} (8. Bd3 h6 9. Bf4 g5 10. Bg3 Nh5 11. Be5 Nhf6 12. Bg3 Nh5 13. Ne2 Nxg3 14. Nxg3 {1-0 (61) Leko,P (2679)-Caruana,F (2832) Germany 2019}) 8... h6 9. Bf4 g5 10. Bg3 Nh5 11. Bd3 c6 12. Bb1 $146 ({Predecessor:} 12. Be5 Ng7 13. h3 Nxe5 14. Nxe5 {1-0 (31) Babula,V (2552)-Stocek,J (2585) Teplice 2017}) 12... Nxg3 13. hxg3 Bg7 14. Nd2 Qe7 15. Nb3 a5 16. a3 a4 17. Na1 Nb6 18. Qe2 {[#]} h5 $1 {[%mdl 512]} 19. Nc2 (19. Rxh5 Rxh5) 19... g4 (19... h4 $17) 20. Nb4 h4 21. Rxh4 Rxh4 22. gxh4 Qxh4 23. g3 Qh1+ 24. Qf1 Qh6 25. Nd3 Nc4 {Threatens to win with ...Bxd4!} 26. Ne2 ({White should try} 26. Rd1 $15) 26... Bf5 $19 27. Nef4 O-O-O (27... Kf8 $1 $17 28. Ba2 Bxd4 $1 {[%mdl 512]} 29. Bxc4 dxc4 30. Rxc4 Bg7) 28. Ba2 $2 (28. Ne5 $1 $15 Bxb1 29. Nxc4 (29. Nxf7 Qh7 $17) 29... dxc4 30. Rxb1) 28... b5 (28... Bxd3 $19 29. Nxd3 Bxd4 $1 {[%mdl 512]} 30. Bxc4 dxc4 31. Rxc4 Bxe3 $1 {[%mdl 512]} 32. fxe3 Qxe3+ {[%mdl 64] Double Attack} 33. Qe2 Rxd3 34. Qxe3 Rxe3+ 35. Kf2 Rf3+ 36. Kg2 Rb3 37. Rxa4 Rxb2+ 38. Kh1 f5) 29. b3 $2 {[%mdl 8192]} (29. Bxc4 $17 {is a better chance.} dxc4 30. Nc5) 29... axb3 30. Bxb3 {[#]} Bxd3 $2 (30... Bxd4 $1 $19 {[%mdl 512] and Black stays clearly on top.} 31. Qg1 (31. exd4 Bxd3) 31... Re8) 31. Qxd3 $17 Qh1+ 32. Qf1 {[#]} Qxf1+ (32... Rh8 $142 $1 {And now ...Qxf1+ would win.} 33. Bxc4 dxc4 34. Qxh1 Rxh1+ 35. Kd2 Rxc1 36. Kxc1 {[#]} c5 $1 {[%mdl 512]}) 33. Kxf1 Nd2+ {[%mdl 64] Double Attack} 34. Ke2 Nxb3 35. Rxc6+ Kb7 36. Rc3 Nxd4+ (36... Na5 $15 37. Rc5 Nc4 38. Rxb5+ Nb6) 37. exd4 $11 {The position is equal.} Bxd4 $15 {[%mdl 4096] Endgame KRB-KRN} 38. Rd3 Bc5 39. Nxd5 Bxa3 {Strongly threatening ...Bc5.} 40. Nf6 Rxd3 41. Kxd3 $11 {KB-KN} Kc6 42. Nxg4 Kd5 43. Ne3+ Ke6 44. Nc2 Bc5 45. f3 Kd5 46. Na1 Bd6 47. g4 Bf4 48. Nb3 Be5 49. Nd2 Kc5 50. Ne4+ Kb4 51. Ng5 f6 52. Ne6 Ka3 53. f4 Bd6 {Accuracy: White = 53%, Black = 49%.} 1/2-1/2

[Event "Mitropa Cup Women 2019"]
[Site "Radenci"]
[Date "2019.06.04"]
[Round "9.16"]
[White "Gaal, Zsoka"]
[Black "Andolfatto, Maria"]
[Result "1/2-1/2"]
[WhiteElo "2044"]
[BlackElo "2041"]
[Annotator "NA RC"]
[PlyCount "113"]
[EventDate "2019.05.27"]
[EventType "team-tourn"]
[EventCountry "SLO"]
[SourceTitle "playchess.com"]
[Source "ChessBase"]
[SourceQuality "1"]
[WhiteTeam "Hungary"]
[BlackTeam "Italy"]
[WhiteTeamCountry "HUN"]
[BlackTeamCountry "ITA"]
[TimeControl "40/5400+30:1800+30"]

1. Nf3 {[%emt 0:00:00]} Nf6 {[%emt 0:00:00]} 2. g3 {[%emt 0:00:00]} d5 {[%emt 0:00:12]} 3. Bg2 {[%emt 0:00:00]} c6 {[%emt 0:00:24]} 4. c4 {[%emt 0:00:20]} dxc4 {[%emt 0:00:43]} 5. O-O {[%emt 0:00:47]} Nbd7 {[%emt 0:01:48]} 6. Qc2 {[%emt 0:01:14]} Nb6 {[%emt 0:00:23]} 7. Na3 {[%emt 0:00:19]} g6 {[%emt 0:03:24] A11: English Opening: 1...c6} 8. Nxc4 {[%emt 0:00:34]} Nxc4 {[%emt 0:01:47]} 9. Qxc4 {[%emt 0:00:02]} Bg7 {[%emt 0:00:24]} 10. d4 {[%emt 0:03:45]} (10. d3 O-O 11. Bd2 Nd5 12. Qc1 a5 13. Bh6 Bg4 14. Bxg7 Kxg7 15. Ne5 {½-½ (40) Aronian,L (2794)-Vitiugov,N (2735) Karlsruhe/Baden-Baden 2018}) 10... Be6 {[%emt 0:06:43]} 11. Qc2 {[%emt 0:01:57]} Bf5 $146 {[%emt 0:02:59]} ({Predecessor:} 11... Bd5 12. Bf4 O-O 13. Be5 Be4 14. Qb3 Qb6 15. Nd2 Bxg2 16. Kxg2 Nd5 17. Bxg7 Kxg7 18. e3 Rfe8 {½-½ (18) Goganov,A (2563)-Sjugirov,S (2652) Taganrog 2018}) 12. Qa4 {[%emt 0:01:50]} Be4 {[%emt 0:03:03]} 13. Bg5 {[%emt 0:12:49]} O-O {[%emt 0:03:50]} 14. Rac1 {[%emt 0:02:47]} h6 {[%emt 0:04:06]} 15. Bd2 {[%emt 0:02:54]} Nd5 {[%emt 0:03:26]} 16. Rfd1 {[%emt 0:02:39]} a5 {[%emt 0:08:38]} 17. Be1 {[%emt 0:10:38]} Qd6 {[%emt 0:07:11]} 18. Qc4 {[%emt 0:06:47]} Rfc8 {[%emt 0:05:31]} 19. Qc5 {[%emt 0:03:30]} Rc7 {[%emt 0:07:15]} 20. Ne5 {[%emt 0:07:46]} Bxg2 $11 {[%emt 0:03:53]} 21. Kxg2 {[%emt 0:00:35]} Bxe5 {[%emt 0:06:54]} 22. dxe5 {[%emt 0:00:33]} Qxc5 {[%emt 0:00:07]} 23. Rxc5 {[%emt 0:00:04]} Nb4 {[%emt 0:01:58]} 24. a3 {[%emt 0:02:18]} b6 {[%emt 0:00:34]} 25. Rc4 {[%emt 0:06:17]} Na6 {[%emt 0:00:06]} 26. Rdc1 {[%emt 0:05:12]} Rac8 {[%emt 0:02:25]} 27. Bd2 {[%emt 0:00:52]} c5 {[%emt 0:02:09]} 28. Bxh6 {[%emt 0:02:15]} b5 {[%emt 0:02:06]} 29. R4c2 {[%emt 0:04:24]} c4 {[%emt 0:00:35]} 30. Be3 {[%emt 0:00:41]} Rc6 {[%emt 0:00:48]} 31. Bd4 {[%emt 0:02:22]} Nc5 {[%emt 0:18:26]} 32. Bxc5 {[%emt 0:02:11]} Rxc5 {[%emt 0:00:01]} 33. f4 {[%emt 0:00:52]} b4 {[%emt 0:02:58]} 34. axb4 {[%emt 0:00:10]} axb4 {[%emt 0:00:01]} 35. Kf3 {[%emt 0:01:07]} Kf8 {[%emt 0:01:46]} 36. Ke3 {[%emt 0:04:58]} e6 {[%emt 0:00:27]} 37. h4 {[%emt 0:02:07]} Kg7 {[%emt 0:00:47]} 38. Ke4 {[%emt 0:02:25]} Kh6 {[%emt 0:00:30]} 39. Kf3 {[%emt 0:01:27]} R8c7 {[%emt 0:00:34]} 40. Kf2 {[%emt 0:00:00]} (40. e3 $16) 40... c3 {[%emt 0:00:00] [#]} 41. bxc3 $1 {[%emt 0:05:45]} Rxc3 {[%emt 0:06:47]} 42. Rxc3 {[%emt 0:03:16]} Rxc3 {[%emt 0:01:23]} 43. Rxc3 {[%emt 0:15:36]} bxc3 {[%emt 0:00:19]} 44. Ke3 {[%emt 0:00:21]} Kh5 {[%emt 0:01:44]} 45. Kd3 {[%emt 0:02:20]} Kg4 {[%emt 0:00:19]} 46. Kxc3 {[%emt 0:00:17]} Kxg3 {[%emt 0:00:11]} 47. e3 {[%emt 0:00:06]} Kxh4 {[%emt 0:01:53]} 48. Kd3 {[%emt 0:00:55]} Kh3 {[%emt 0:14:37]} 49. Kd4 {[%emt 0:02:49]} Kg2 {[%emt 0:03:22]} 50. Ke4 {[%emt 0:01:38]} Kf2 {[%emt 0:01:48]} 51. Kd4 {[%emt 0:00:34]} Ke1 {[%emt 0:01:31]} 52. Kd3 {[%emt 0:06:39]} Kf1 {[%emt 0:01:53]} 53. Kd4 {[%emt 0:01:12]} Ke1 {[%emt 0:01:15]} 54. Kd3 {[%emt 0:00:20]} Kf1 {[%emt 0:00:33]} 55. Kd4 {[%emt 0:00:43]} Ke2 {[%emt 0:00:30]} 56. Ke4 {[%emt 0:00:06]} Ke1 {[%emt 0:00:29]} 57. Kd3 {[%emt 0:00:29]} 1/2-1/2